Online
Catalog

El proceso de convertirse en persona : (Record no. 34870)

MARC details
000 -CABECERA
campo de control de longitud fija 00676nam a2200169 a 4500
001 - NÚMERO DE CONTROL
campo de control 000035379
005 - FECHA Y HORA DE LA ÚLTIMA TRANSACCIÓN
campo de control 20200930074310.0
008 - DATOS DE LONGITUD FIJA--INFORMACIÓN GENERAL
campo de control de longitud fija 111031s1974 ag 000 0 spa d
040 ## - FUENTE DE LA CATALOGACIÓN
Centro catalogador/agencia de origen DO-SdBNP
Lengua de catalogación spa
Centro/agencia transcriptor BNPHU
082 ## - NÚMERO DE LA CLASIFICACIÓN DECIMAL DEWEY
Número de clasificación xxx
Número de documento/Ítem R724p
100 1# - ENTRADA PRINCIPAL--NOMBRE DE PERSONA
Nombre de persona Roher, C. R.
9 (RLIN) 61193
245 13 - MENCIÓN DE TÍTULO
Título El proceso de convertirse en persona :
Resto del título Mi técnica terapéutica /
Mención de responsabilidad, etc. C. R. Rogers.
260 ## - PUBLICACIÓN, DISTRIBUCIÓN, ETC.
Lugar de publicación, distribución, etc. Buenos Aires :
Nombre del editor, distribuidor, etc. Paidos,
Fecha de publicación, distribución, etc. 1974.
300 ## - DESCRIPCIÓN FÍSICA
Extensión 356 p. :
Otras características físicas Biblioteca de psiquiatría, psicolpatología y psicosomatica
-- 48
Otras características físicas 23 cm.
590 ## - NOTA LOCAL (RLIN)
Nota local Perteneció a la biblioteca personal de Juan Isidro Jimenes Grullón
700 1# - PUNTO DE ACCESO ADICIONAL--NOMBRE DE PERSONA
Nombre de persona Biblioteca de psiquiatría, psicolpatología y psicosomatica
Numeración 23
9 (RLIN) 61194
Holdings
Estado de retiro Estado de pérdida Restricciones de uso No para préstamo Código de colección Localización permanente Ubicación/localización actual Ubicación en estantería Fecha de adquisición Número de inventario Total de préstamos Signatura topográfica completa Código de barras Fecha visto por última vez Precio válido a partir de Tipo de ítem Koha
        Monografías: Libros y Folletos General General Orden iniciada 31.10.2011 LF1   xxx R724p 35379-10 25.06.2020 25.06.2020 No se presta

Powered by Koha